Statystyki dla Zaokrąglanie - Prosta Matematyka #6

Kliknij tutaj aby rozwiązać quiz!

Ogólne statystyki

  • Ten quiz został rozwiązany 1 422 razy
  • Średni wynik to 16 z 20

Statystyki odpowiedzi

HintOdpowiedź% Poprawnych
1920
99%
366370
98%
49955000
98%
45005000
98%
13961400
97%
299,951300
94%
15731570
91%
29403000
88%
1475315000
87%
1208712000
86%
1,141,1
85%
19,870119,9
82%
1999,99992000
76%
34,56634,6
72%
17,80917,8
71%
198946199000
71%
0,017890,018
51%
1,00141,001
50%
12,215212,215
39%
310,4294310,429
31%

Rozkład punktacji

Percentyl według liczby udzielonych odpowiedzi

Procent ludzi z każdym wynikiem

Twoja historia wyników

Nie rozwiązałeś tego quizu